• 首页
  • 本馆介绍
  • 公告通知
  • 最新文献
  • 馆藏检索
  • 电子资源
  • 读者导购
  • 参考咨询
  • 我的图书馆
  • 登录
  • 详细信息显示
  • 放入我的书架
  • 预约/预借图书
  • 作者相关作品
  • 分类相关作品
  • 丛书相关作品
  • 出版社相关作品

书目信息

  • 表格格式
  • 工作单格式
  • 卡片格式
题名:
高性能纤维基本科学原理
    
 
作者: 徐坚 , 刘瑞刚 编著
分册:  
出版信息: 北京   国防工业出版社  2018.07
页数: XII, 247页
开本: 24cm
丛书名: 高性能纤维技术丛书
单 册:
中图分类: TB334 , TB33
科图分类:
主题词: 纤维增强复合材料--xian wei zeng qiang fu he cai liao
电子资源:
ISBN: 978-7-118-11664-9
000 01337nam 2200313 450
001 2329204218
005 20231127080658.51
010    @a978-7-118-11664-9@dCNY78.00
100    @a20190122d2018 em y0chiy50 ea
101 0  @achi
102    @aCN@b110000
105    @aak a 000yy
200 1  @a高性能纤维基本科学原理@Agao xing neng xian wei ji ben ke xue yuan li@f徐坚, 刘瑞刚编著
210    @a北京@c国防工业出版社@d2018.07
215    @aXII, 247页@c图@d24cm
225 2  @a高性能纤维技术丛书@Agao xing neng xian wei ji shu cong shu
300    @a国家出版基金项目 “十二五”国家重点出版规划项目
312    @a英文题名取自封面
320    @a有书目
330    @a本书从高性能纤维制备基础出发, 介绍了高性能纤维加工过程中的基本科学原理, 从高分子科学、高分子加工原理角度对高性能纤维制备过程中的聚合物合成、加工流变学、成形基本原理进行了较为详尽的阐述, 并对主要的几种高性能纤维制备过程中基础科学问题进行了概述。书中内容涵盖了高性能纤维发展过程中的一些重要原理及作者在本领域的自身见解。
410  0 @12001 @a高性能纤维技术丛书
510 1  @aFundamentals of high performance fibers@zeng
606 0  @a纤维增强复合材料@Axian wei zeng qiang fu he cai liao
690    @aTB334@v5
690    @aTB33@v4
701  0 @a徐坚@Axu jian@4编著
701  0 @a刘瑞刚@Aliu rui gang@4编著
801  0 @aCN@b人天书店@c20190122
905    @aBZT@dTB33@e6
    
    高性能纤维基本科学原理/徐坚, 刘瑞刚编著.-北京:国防工业出版社,2018.07
    XII, 247页:图;24cm.-(高性能纤维技术丛书)
    国家出版基金项目 “十二五”国家重点出版规划项目
    
    ISBN 978-7-118-11664-9:CNY78.00
    本书从高性能纤维制备基础出发, 介绍了高性能纤维加工过程中的基本科学原理, 从高分子科学、高分子加工原理角度对高性能纤维制备过程中的聚合物合成、加工流变学、成形基本原理进行了较为详尽的阐述, 并对主要的几种高性能纤维制备过程中基础科学问题进行了概述。书中内容涵盖了高性能纤维发展过程中的一些重要原理及作者在本领域的自身见解。
●
相关链接 在五车中查询图书 在当当中查询图书 在豆瓣中查询图书


正题名:高性能纤维基本科学原理     索取号:TB33/6         预约/预借

序号 登录号 条形码 馆藏地/架位号 状态 备注
1 2001099952   2001099952   东辅楼二楼书库/ [索取号:TB33/6] 在馆    
2 2001099953   2001099953   东辅楼二楼书库/ [索取号:TB33/6] 在馆    
3 2001099954   2001099954   东辅楼二楼书库/ [索取号:TB33/6] 在馆    
4 2001099955   2001099955   东辅楼二楼书库/ [索取号:TB33/6] 在馆    
5 2001099956   2001099956   东辅楼二楼书库/ [索取号:TB33/6] 在馆    
6 2001099957   2001099957   东辅楼二楼书库/ [索取号:TB33/6] 在馆    
7 2001099958   2001099958   东辅楼二楼书库/ [索取号:TB33/6] 在馆    
8 2001099959   2001099959   东辅楼二楼书库/ [索取号:TB33/6] 在馆    
9 2001099960   2001099960   东辅楼二楼书库/ [索取号:TB33/6] 在馆    
10 2001099961   2001099961   东辅楼二楼书库/ [索取号:TB33/6] 在馆    
11 2001099962   2001099962   东辅楼二楼书库/ [索取号:TB33/6] 在馆    
12 2001099963   2001099963   东辅楼二楼书库/ [索取号:TB33/6] 在馆    
13 2001099964   2001099964   东辅楼二楼书库/ [索取号:TB33/6] 在馆    
14 2001099965   2001099965   东辅楼二楼书库/ [索取号:TB33/6] 在馆    
15 2001099966   2001099966   东辅楼二楼书库/ [索取号:TB33/6] 在馆    
16 2001099967   2001099967   东辅楼二楼书库/ [索取号:TB33/6] 在馆    
17 2001099968   2001099968   东辅楼二楼书库/ [索取号:TB33/6] 在馆    
18 2001099969   2001099969   东辅楼二楼书库/ [索取号:TB33/6] 在馆    
19 2001099970   2001099970   东辅楼二楼书库/ [索取号:TB33/6] 在馆    
20 2001099971   2001099971   东辅楼二楼书库/ [索取号:TB33/6] 在馆    
21 2001099972   2001099972   东辅楼二楼书库/ [索取号:TB33/6] 在馆    
22 2001099973   2001099973   东辅楼二楼书库/ [索取号:TB33/6] 在馆    
23 2001099974   2001099974   东辅楼二楼书库/ [索取号:TB33/6] 在馆    
24 2001099975   2001099975   东辅楼二楼书库/ [索取号:TB33/6] 在馆    
25 2001099976   2001099976   东辅楼二楼书库/ [索取号:TB33/6] 在馆    
26 2001099977   2001099977   东辅楼二楼书库/ [索取号:TB33/6] 在馆    
27 2001099978   2001099978   东辅楼二楼书库/ [索取号:TB33/6] 在馆    
28 2001099979   2001099979   东辅楼二楼书库/ [索取号:TB33/6] 在馆    
29 2001099980   2001099980   东辅楼二楼书库/ [索取号:TB33/6] 在馆    
山东省滨州职业学院图书馆 欢迎您!
大连网信软件有限公司© 版权所有